[Event "South FR-ch"]
[Site "Maikop"]
[Date "2018.03.31"]
[Round "8"]
[White "Baranov, Viacheslav"]
[Black "Kachalov, Nikita"]
[Result "0-1"]
[WhiteElo "1648"]
[BlackElo "1730"]
[PlyCount "84"]
[EventDate "2018.03.24"]
[EventType "swiss"]
[EventRounds "9"]
[EventCountry "RUS"]
[SourceTitle "EXT 2019"]
[Source "ChessBase"]
[SourceDate "2018.10.10"]
[SourceVersion "1"]
[SourceVersionDate "2018.10.10"]
[SourceQuality "1"]

1. d4 Nf6 2. Nf3 d5 3. Bf4 c5 4. e3 Bg4 5. Be2 Nc6 6. 0-0 cxd4 7. exd4 e6 8. Nc3 Be7 9. h3 Bh5 10. Ne5 Bxe2 11. Nxc6 Bxd1 12. Nxd8 Rxd8 13. Raxd1 a6 14. Na4 Rc8 15. c3 b5 16. Nb6 Rc6 17. Na8 0-0 18. Nc7 Rc8 19. a4 bxa4 20. c4 Bd8 21. c5 Bxc7 22. Bxc7 R8xc7 23. Ra1 Rb7 24. Rxa4 Rxb2 25. Rfa1 Rb8 26. Rxa6 Rxa6 27. Rxa6 Kf8 28. Ra7 Rc8 29. Kh2 Ke8 30. f3 Nd7 31. Kg3 Nxc5 32. dxc5 Rxc5 33. Kf4 Rc8 34. Ke5 Rd8 35. Ra4 Ke7 36. Rh4 f6+ 37. Kd4 e5+ 38. Kc5 d4 39. Rxh7 Kf7 40. Rh4 d3 41. Ra4 d2 42. Ra7+ Kg6 0-1

[Event "South FR-ch"]
[Site "Maikop"]
[Date "2018.03.25"]
[Round "2"]
[White "Kachalov, Nikita"]
[Black "Kvasov, Alexey"]
[Result "0-1"]
[WhiteElo "1730"]
[BlackElo "1979"]
[PlyCount "106"]
[EventDate "2018.03.24"]
[EventType "swiss"]
[EventRounds "9"]
[EventCountry "RUS"]
[SourceTitle "EXT 2019"]
[Source "ChessBase"]
[SourceDate "2018.10.10"]
[SourceVersion "1"]
[SourceVersionDate "2018.10.10"]
[SourceQuality "1"]

1. e4 e5 2. Nf3 Nc6 3. Bc4 d6 4. d3 Be7 5. h3 Be6 6. Bb3 Qd7 7. Nc3 Nd4 8. Bxe6 fxe6 9. Be3 c5 10. 0-0 Nf6 11. Bg5 0-0-0 12. Nxd4 exd4 13. Ne2 h6 14. Bxf6 gxf6 15. f4 Rdg8 16. f5 Rg5 17. fxe6 Qxe6 18. Nf4 Qd7 19. Qf3 Rhg8 20. Rf2 f5 21. Nd5 fxe4 22. dxe4 Bd8 23. Kh2 Qe6 24. Re1 Re5 25. Rfe2 Bh4 26. Rf1 Re8 27. g3 Bg5 28. Rfe1 Bd8 29. c3 dxc3 30. bxc3 Rg5 31. c4 Reg8 32. Rg2 h5 33. Rb1 Qe5 34. Rbg1 h4 35. Qf4 hxg3+ 36. Rxg3 Rxg3 37. Rxg3 Qb2+ 38. Kg1 Qb1+ 39. Kf2 Qxa2+ 40. Kf3 Qb3+ 41. Ne3 Rxg3+ 42. Qxg3 Qd3 43. Qg4+ Kc7 44. Qg7+ Kc6 45. Kf4 Qd4 46. Qg2 Qe5+ 47. Kf3 Bg5 48. Nf5 Qf4+ 49. Ke2 Qd2+ 50. Kf3 Qxg2+ 51. Kxg2 a5 52. Ng3 a4 53. Ne2 Bd2 0-1